Hlavné úlohy koncepcie rozvoja poľovníctva na Slovensku do roku 1990

Bibliographic Details
Main Author: Hell, Pavel, 1930-2009 (Author)
Format: Book
Language:Slovak
PhysicalDescription:[1], 18 s. 4°
Published: Zvolen Výskumný ústav lesného hospodárstva 1972
Series:Materiály prednáškového cyklu
Subjects:

MARC

LEADER 00000cam a2200000 a 4500
001 vtls008322078
003 SK-MaSNL
005 20260302074315.0
008 251124s1972 xo f 000 0 slo
015 |a SNBA1973/01-00093 
035 |a SK01SNK19730014295 
035 |a SKM000016758 
040 |a SNK  |b slo  |c SNK  |e AACR2 
041 0 |a slo 
044 |a xo  |c SK 
080 |a 639.1(437.6)  |2 1981 
100 1 |a Hell, Pavel,  |d 1930-2009  |4 aut  |9 125123 
245 1 0 |a Hlavné úlohy koncepcie rozvoja poľovníctva na Slovensku do roku 1990  |c Pavel Hell 
260 |a Zvolen  |b Výskumný ústav lesného hospodárstva  |c 1972 
300 |a [1], 18 s.  |c 4° 
490 0 |a Materiály prednáškového cyklu  |v č. 1/5 
650 0 7 |a poľovníctvo  |z Slovensko  |x rozvoj  |y do r. 1990  |x koncepcia  |x úlohy  |2 SNK  |9 739788 
655 7 |a príručky  |2 SNKPH  |9 74364 
830 0 |a Materiály prednáškového cyklu  |9 307510 
958 |a OND 
958 |a RM 
958 |a RK 
958 |a BQ 
999 |c 1164518  |d 1166448 
952 |a SNK  |b SNK  |y PREZ  |7 0  |p 17A0897672  |o snkSB 18990  |i snkKSP 984/73  |0 0  |1 0  |4 0  |d 2015-06-23  |l 0  |r 2025-03-20 00:00:00  |w 2026-02-24